The power of news : (Record no. 2772)
[ view plain ]
| 000 -LEADER | |
|---|---|
| fixed length control field | 01628mam a2200325 a 4500 |
| 001 - CONTROL NUMBER | |
| control field | 2319243 |
| 003 - CONTROL NUMBER IDENTIFIER | |
| control field | OSt |
| 005 - DATE AND TIME OF LATEST TRANSACTION | |
| control field | 20180117085949.0 |
| 008 - FIXED-LENGTH DATA ELEMENTS--GENERAL INFORMATION | |
| fixed length control field | 980731s1999 enka b 001 0 eng |
| 010 ## - LIBRARY OF CONGRESS CONTROL NUMBER | |
| LC control number | 98036926 |
| 015 ## - NATIONAL BIBLIOGRAPHY NUMBER | |
| National bibliography number | GB99-32803 |
| 020 ## - INTERNATIONAL STANDARD BOOK NUMBER | |
| International Standard Book Number | 0198207689 (hardcover : alk. paper) |
| 035 ## - SYSTEM CONTROL NUMBER | |
| System control number | (OCoLC)ocm39796508 |
| 035 ## - SYSTEM CONTROL NUMBER | |
| System control number | (NNC)2319243 |
| 040 ## - CATALOGING SOURCE | |
| Original cataloging agency | DLC |
| Transcribing agency | DLC |
| Modifying agency | YDX |
| -- | UKM |
| -- | VVC |
| -- | NNC |
| 050 00 - LIBRARY OF CONGRESS CALL NUMBER | |
| Classification number | PN5111.R4 |
| Item number | R43 1999 |
| 082 00 - DEWEY DECIMAL CLASSIFICATION NUMBER | |
| Classification number | 070.4/35 |
| Edition number | 21 |
| 100 1# - MAIN ENTRY--PERSONAL NAME | |
| Personal name | Read, Donald. |
| 245 14 - TITLE STATEMENT | |
| Title | The power of news : |
| Remainder of title | the history of Reuters / |
| Statement of responsibility, etc. | Donald Read. |
| 250 ## - EDITION STATEMENT | |
| Edition statement | 2nd ed. |
| 260 ## - PUBLICATION, DISTRIBUTION, ETC. | |
| Place of publication, distribution, etc. | Oxford ; |
| -- | New York : |
| Name of publisher, distributor, etc. | Oxford University Press, |
| Date of publication, distribution, etc. | 1999. |
| 300 ## - PHYSICAL DESCRIPTION | |
| Extent | xvii, 540 p., [32] p. of plates : |
| Other physical details | ill. ; |
| Dimensions | 24 cm. |
| 504 ## - BIBLIOGRAPHY, ETC. NOTE | |
| Bibliography, etc. note | Includes bibliographical references (p. [490]-518) and index. |
| 505 0# - FORMATTED CONTENTS NOTE | |
| Formatted contents note | Julius Reuter: before and after 1851 -- 'The great Reuter' -- An imperial institution, 1865-1914 -- The world's news, 1865-1914 -- Wartime reconstruction, 1914-1918 -- War news, 1914-1918 -- The autocracy of Roderick Jones, 1919-1934 -- The decline and fall of Roderick Jones, 1934-1941 -- News between the wars, 1919-1939 -- War news, 1939-1945 -- 'In the nature of a trust', 1941-1963 -- Making the new Reuters, 1963-1981 -- Achieving worldwide presence, 1963-1981 -- Going public, 1981-1984 -- The world's news, 1945-1989 -- Retrospect, 1849-1989. |
| 610 20 - SUBJECT ADDED ENTRY--CORPORATE NAME | |
| Corporate name or jurisdiction name as entry element | Reuters Limited. |
| 610 24 - SUBJECT ADDED ENTRY--CORPORATE NAME | |
| Corporate name or jurisdiction name as entry element | Reuters |
| General subdivision | History. |
| 942 ## - ADDED ENTRY ELEMENTS (KOHA) | |
| Source of classification or shelving scheme | |
| Koha item type | Book |
| Withdrawn status | Lost status | Source of classification or shelving scheme | Damaged status | Not for loan | Permanent Location | Current Location | Shelving location | Date acquired | Total Checkouts | Full call number | Barcode | Date last seen | Price effective from | Koha item type |
|---|---|---|---|---|---|---|---|---|---|---|---|---|---|---|
| Central Library (CL) | Central Library (CL) | First Floor - Journalism | 03/17/2016 | 302.2322 REA | S3H-N-108 | 03/17/2016 | 03/17/2016 | Book |
